000 00269nam a22001097a 4500
008 180130b xxu||||| |||| 00| 0 eng d
080 _a3
100 _a24
101 _ajur
245 _athe new testament and wycliffe bible commnetary
_cmoody.m.y
942 _2udc
_cBK
999 _c41303
_d41303